| 000 | 01220nam a2200301 c 4500 | ||
|---|---|---|---|
| 003 | BLK | ||
| 005 | 20230323091658.0 | ||
| 008 | 180411b bul|||||r ||||||| ||bul|| | ||
| 010 | _aKNG00216487000 | ||
| 040 | _aBLK | ||
| 041 |
_aBUL _cBUL |
||
| 080 |
_aСловашка литература _b821.162.4 _x-31 _z821.162.4-31 |
||
| 100 | 1 |
_aЯрункова, Клара _eпърви автор _9146092 |
|
| 700 | 1 |
_aЗахариева, Невена _eпрев. от словаш. _gДимитрова, Невена Захариева _9372671 |
|
| 700 | 1 |
_aПаскалева, Олга Венелинова _9470131 |
|
| 139 |
_aЯрункова, Клара _bЯ 83 |
||
| 245 | 1 | 0 |
_aТихи бури _bРоман [за юноши] _cКлара Ярункова; прев. от словаш. Невена Захариева; худож. Олга Венелинова Паскалева. |
| 257 | _aSLK | ||
| 260 |
_аСофия _bНар. младеж _c1981 |
||
| 300 |
_a264 с. _c16 см |
||
| 380 | _aX | ||
| 500 | _aОриг. загл. Tiche burky. | ||
| 852 | _aЦб І 19426 | ||
| 856 | 4 |
_qpdf _u |
|
| 856 | 4 |
_qpdf _u |
|
| 942 |
_cKNG _n0 _01 |
||
| 944 |
_aCR _c27.02.2018 _kКети_Илиева |
||
| 944 |
_aED _c27.02.2018 _kКети_Илиева |
||
| 999 |
_c206736 _d206736 |
||